Événements Clés de l'Histoire Médiévale - Statistiques

Statistiques générales
  • Ce quiz a été pris 66 fois
  • Le résultat moyen est 6 sur 10
Statistiques - réponses
Question Réponse % Correct
Quelle bataille décisive en 1066 a conduit à la conquête normande de l'Angleterre ? La bataille de Hastings
92%
Quel roi de France est connu pour avoir établi la monarchie absolue au 17ᵉ siècle, après les premiers fondements au Moyen Âge ? Louis XIV
92%
Quel roi anglo-normand est connu pour avoir introduit le système féodal en Angleterre après 1066 ? Guillaume le Conquérant
85%
Quelle ville a été le centre du schisme papal au 14ᵉ siècle, avec deux papes régnant simultanément ? Avignon
77%
Quel pape a convoqué le Concile de Clermont en 1095, lançant ainsi la première croisade ? Urbain II
77%
Quel traité a été signé en 1215 pour limiter les pouvoirs du roi Jean d'Angleterre ? La Magna Carta
62%
Qui a fondé l'Empire byzantin après la chute de l'Empire romain d'Occident ? Constantin Ier
50%
Quel monarque a fondé la dynastie des Plantagenêt en Angleterre ? Henri II
42%
Quel traité a marqué la fin de la guerre de Cent Ans entre l'Angleterre et la France ? Le traité de Brétigny
42%
Quel événement a marqué le début de la Reconquista en Espagne ? La victoire de Covadonga
8%
Aucun quiz correspondant
Distribution des résultats
% des personnes avec chaque résultat
Percentile par nombre de réponses
Votre historique - résultats
Vous n’avez pas pris ce quiz